| 000 | 00713nam a22002177a 4500 | ||
|---|---|---|---|
| 999 |
_c2111 _d2111 |
||
| 003 | AR-CdUCM | ||
| 008 | 190304b ||||| |||| 00| 0 spa d | ||
| 020 | _a84-723-398-6 | ||
| 040 |
_aMUNICIPALIDAD PROVINCIAL DEL CUSCO _cBIBLIOTECA MUNICIPAL DEL CUSCO |
||
| 082 |
_a320.9 / _bL59E |
||
| 110 |
_aInstituto de Cooperación Iberoamericana _94266 |
||
| 245 |
_aEncuentro en la democracia : _bEuropa-Iberoamérica / |
||
| 260 |
_aMadrid : _bCultura Hispánica, _c1986 |
||
| 300 |
_a273 páginas ; _c21 cm. |
||
| 650 |
_aPolítica _9291 |
||
| 650 |
_aAmérica Latina _91130 |
||
| 650 |
_aRelaciones económicas _97625 |
||
| 710 |
_aComisión Nacional del V Centenario _97626 |
||
| 942 |
_2ddc _cLIBROS |
||
| 945 | _araen | ||